The micro millennium

Đã lưu trong:
书目详细资料
主要作者: Evans, Christopher
格式: 图书
语言:Undetermined
出版: New York Viking Press 1980
主题:
标签: 添加标签
没有标签, 成为第一个标记此记录!
Thư viện lưu trữ: Trung tâm Học liệu Trường Đại học Cần Thơ
LEADER 00488nam a2200181Ia 4500
001 CTU_97829
008 210402s9999 xx 000 0 und d
082 |a 001.6 
082 |b E92 
100 |a Evans, Christopher 
245 4 |a The micro millennium 
245 0 |c Christopher Evans 
260 |a New York 
260 |b Viking Press 
260 |c 1980 
650 |a Computers and civilization,Microcomputers 
904 |i M.Loan 
980 |a Trung tâm Học liệu Trường Đại học Cần Thơ